| 000 | 00570nam a22001817a 4500 | ||
|---|---|---|---|
| 999 |
_c187363 _d187363 |
||
| 005 | 20220413123105.0 | ||
| 010 | _aENG-132303 | ||
| 020 |
_a9788192557554 _c750.00 |
||
| 035 | _aEN-115835 | ||
| 037 | _bDBAD/PUB | ||
| 082 | _a181.47 | ||
| 100 | _aKumari, Monika | ||
| 245 |
_aRise of Bhakti Movement In India/ _cMonika Kumari |
||
| 260 |
_aNew Delhi _bShreya Trader's & Co. _c2017 |
||
| 270 |
_bNew Delhi _aH-1/48, Bengali Colony, IInd Floor, Mahaveer Enclave _e110045 |
||
| 300 |
_a240p. _bBibliography _c22cm(hbk) |
||
| 942 |
_2ddc _cEN _mMON _h181.47 |
||